000 00337nam a22001457a 4500
999 _c258690
_d258689
003 OSt
005 20200626094138.0
008 200626b xxu||||| |||| 00| 0 eng d
020 _a0671007696
040 _cN/A
100 _aV.C.Andrews
245 _aLightining strikes
260 _aLondon
_bPocket star books
_c2000
942 _2lcc
_cBK